El Papel de las instituciones en contextos locales /
Se examinan algunas cuestiones metodológicas que enfrenta la investigación sobre el desarrollo al estudiar las instituciones locales. Se estudia cómo formular conceptos operacionales útiles para captar información sobre las instituciones y sus procesos dinámicos en relación con las actividades econó...
Enregistré dans:
| Auteur principal: | |
|---|---|
| Autres auteurs: | |
| Format: | Texte |
| Sujets: | |
| Tags: |
Ajouter un tag
Pas de tags, Soyez le premier à ajouter un tag!
|
MARC
| LEADER | 00000 a a2200000 04500 | ||
|---|---|---|---|
| 001 | 15954 | ||
| 003 | |||
| 040 | |||
| 100 | |a Appendini, Kirsten | ||
| 245 | |a El Papel de las instituciones en contextos locales / |c Kirsten Appendini ; Monique Nuijten | ||
| 520 | |a Se examinan algunas cuestiones metodológicas que enfrenta la investigación sobre el desarrollo al estudiar las instituciones locales. Se estudia cómo formular conceptos operacionales útiles para captar información sobre las instituciones y sus procesos dinámicos en relación con las actividades económicas de los hogares rurales. Se presentan y evalúan algunos métodos cuantitativos y cualitativos sobre la base de estudios de casos en México y la India, así como sus alcances y limitaciones. Se concluye que se necesita un marco conceptual y metodológico multidisciplinario y flexible que permita entender las dinámicas de los procesos institucionales, desde las reglas y normas establecidas a las prácticas organizativas de la gente. Se subraya que la investigación relacionada con la formulación de políticas debe ser enfocada a objetivos específicos, como son los arreglos institucionales que pueden dar apoyo a los grupos mas pobres y la manera como estos pueden movilizarse para transofmar las instituciones | ||
| 650 | |a PLANO LOCAL | ||
| 650 | |a DESARROLLO RURAL | ||
| 650 | |a INVESTIGACION SOBRE DESARROLLO | ||
| 650 | |a METODOLOGIA | ||
| 700 | |a Nuijten, Monique | ||
| 773 | |g número 76; páginas 71-88 | ||
| 999 | |c 34273 |d 34273 | ||
